00704nam a2200241Ia 4500001000600000003000900006008004100015040001300056040001300069041001300082100001600095100002900111245005600140245004500196250001100241260001100252260000800263260004900271300003900320500004400359650002800403650003100431 6308IT-RoPAU130308s9999 xx 000 0 und d aIT-RoPAU cIT-RoPAU aITALIANO aGamba Carlo gCodice Aut. SPICS: 6298 aIter formativo per gli insegnanti grafici salesiani bFormazione integrale del docente Grafico a1a ed. aTORINO bSEI c1969 [1° Ed.:1969 - Ed.Ling.Originale:1969] a"7 p. (prefazione: no ; testo: 7)" aTabella Riassuntiva dell'Iter Formativo aEDUCAZIONE ALLA GRAFICA eCodice materia Spics: 5412